00818nam a2200253 a 450000100060000000300080000600500170001400800410003102000150007202000220008703500190010904000370012804100080016508200260017324500630019926000330026230000240029550000600031950000660037950400200044565000240046565100470048970000280053633441BD-RjUL20211209052016.0161212s1983 enk 001 0 eng d a0905081137 a0905081145 (pbk.) a(BD-RjUL)33532 aDLCcDLCdOCLdEQOdBD-RjULbeng aeng a297.574223bISS 198300aIssues in the Islamic movement /cedited by Kalim Siddiqui aLondon :bOpen Press,cc1983 axi, 393 p. ;c23 cm aTitle on spine: Issues in the Islamic movement, 1981-82 aArticles reprinted from Crescent international and Muslimedia aIncludes index. 0aIslamy20th century 0aIslamic countriesxPolitics and government1 aSiddiqui, Kalim,d1933-